000 00213nam a22000977a 4500
999 _c16239
_d16239
003 OSt
008 200625b ||||| |||| 00| 0 eng d
100 _aMohanan
_94638
245 _aPoojakedukkatha pookkal
942 _cBK